zpět

Detail výsledku týmu

Bar 12 opic, Prostějov

Datum a čas kvízu

27 Celkem bodů Celkový počet nahraných bodů na tomto kvízu bez doplňovacích otázek.
3. Pořadí na kvízu Konečné umístění týmu na tomto kvízu.

Zaznamenané odpovědi

# Otázka Odpověď Body Výsledky
1. Sociální demokraté si novým šé... 1
2. Nejmladší evropský stát Kosovo... 0
3. Novou soškou lva inspirovanou... 0
4. Německá vláda hodlá výrazně ro... 0
5. Jistý muž překvapil roztleská... 0
6. Která slavná americká kapela n... 0
7. Kdo bývá v řecké mytologii ozn... 1
8. Který z těchto výrobků nepatří... 1
9. Orion je kosmická loď vyvíjená... 0
10. Odrůda jablek Orion byla vyšle... 1